Les personnages d'Apex Legends - Statistiques

Statistiques générales
  • Ce quiz a été pris 691 fois
  • Le résultat moyen est 9 sur 12
Statistiques - réponses
Réponse % Correct
11 octane
88%
3 wraith
86%
9 gibraltar
84%
7 bangalore
80%
2 lifeline
80%
5 mirage
79%
1 caustic
78%
4 pathfinder
78%
6 bloodhound
74%
8 revenant
55%
10 crypto
53%
12 watson
49%
Aucun quiz correspondant
Distribution des résultats
% des personnes avec chaque résultat
Percentile par nombre de réponses
Votre historique - résultats
Vous n’avez pas pris ce quiz